00361nam a2200133 a 45000010010000000030011000100080041000210350026000620820016000881000024001042450038001282600042001666500019002080000-9251ELIB.Books110520 1976  a(ELIB.Books)0000-9403 a201.1 bEld aEldwood, Douglas J. aWhat Asian Christian are Thinking bPhilippine: New Day Publishers c1976 aAsian Theology